| 000 | 00740nam a2200205 4500 | ||
|---|---|---|---|
| 001 | 110001 | ||
| 003 | ES-MaACL | ||
| 005 | 20230906184946.0 | ||
| 007 | t| | ||
| 008 | 061121s1971 sp r ||||1| spa d | ||
| 080 | _a658.5 | ||
| 100 | 1 |
_aMoisson, Marcel. _981819 |
|
| 245 | 1 | 3 |
_aEl control de la gestión mediante el cuadro de mandos (tablean de bord) : _binformación, control y mejora de las previsiones en la empresa / _cMarcel Moisson ; traducida por Alberto Palomar Baró. |
| 250 | _a1ª ed. | ||
| 260 |
_aBarcelona : _bEditores Técnicos Asociados, _c1971. |
||
| 300 |
_aXIII, 143 p. : _bgráf. ; _c24 cm. |
||
| 650 | 4 |
_aControl de gestión. _9146119 |
|
| 700 | 1 |
_aPalomar Baró, Alberto. _988663 |
|
| 852 | 4 |
_aES-MaACL _jC-44029 |
|
| 999 |
_c110001 _d110001 |
||